Statistics for 5 Biggest Cities : Kyrgyzstan

Click here to take the quiz!

General Stats

  • This quiz has been taken 21 times
    (5 since last reset)
  • The average score is 2 of 5

Answer Stats

Rank City % Correct
1.Bishkek
100%
2.Osh
40%
3.Jalal-Abad
40%
4.Karakol
40%
5.Tokmok
20%

Score Distribution

Percentile by Number Answered

Percent of People with Each Score

Your Score History

You have not taken this quiz since the last reset